| 000 | 00811 a2200229 4500 | ||
|---|---|---|---|
| 010 | _aENG-89164 | ||
| 020 |
_a9788178298177 _c750.00 |
||
| 035 | _aEN-72697 | ||
| 037 | _bDBAD / PUB | ||
| 082 | 1 | 4 | _a333.9130954 |
| 090 |
_c10436 _d10436 |
||
| 100 | 1 | _aAsian Development Bank | |
| 245 | 1 |
_aIrrigation management transfer : _cby Asian Development Bank _bstrategies and best practices / |
|
| 260 |
_aNew Delhi _bSage Publications _c2008 |
||
| 270 |
_aB1/11, Mohan Cooperative Industrial Area, Mathura Road _bNew Delhi _e110 044 |
||
| 300 |
_axxi, 235p. _c28cm (pbk ) |
||
| 500 | _aIncludes index | ||
| 650 |
_aIrrigation _xManagement _zIndia |
||
| 700 | _a. | ||
| 942 |
_adpl _cEN _k333.9130954 / ASI |
||
| 999 |
_c10172 _d10172 |
||